Vista normal
Vista MARC
Entrada Materia (personas)
Número de registros utilizados en: 1
001 - CONTROL NUMBER
- control field: 189450
003 - CONTROL NUMBER IDENTIFIER
- control field: Co-BoUCM
005 - DATE AND TIME OF LATEST TRANSACTION
- control field: 20260526144314.0
008 - FIXED-LENGTH DATA ELEMENTS
- fixed length control field: 260526|| aca||aabn | a|a d
040 ## - CATALOGING SOURCE
- Original cataloging agency: Co-BoUCM
- Transcribing agency: Co-BoUCM
100 ## - HEADING--PERSONAL NAME
- Personal name: Ordoñez, Javier Eduardo
670 ## - SOURCE DATA FOUND
- Source citation: Work cat.: (Co-BoUCM)322524: Echeverria Quintanilla, Eudoro 189447, El incidente de nulidad contra sentencias de la corte constitucional /, 2022